000 00534nam a2200217Ia 4500
003 OSt
005 20220918192132.0
006 a|||||r|||| 00| 0
007 ta
008 220917b |||||||| |||| 00| 0 eng d
024 _a67,186
037 _cTextual
040 _aARTS
_cARTS
_beng
041 _2eng
_aeng
082 _aR198, L3
100 _aSwinburne Richard
245 0 _aIntroduction to confirmation theory
260 _c1973
942 _hR198, L3
_cTEXL
_2CC
999 _c193419
_d193419